000
00300nam a22001337a 4500
008
180928b xxu||||| |||| 00| 0 eng d
020
_a
9780871569844
041
_a
eng
080
_a
316
100
_a
50
101
_a
SOC
245
_a
Women I the Material World
_c
Faith.D.A
942
_2
udc
_c
BK
999
_c
48696
_d
48696